In-process Measuring of Capacitance Per Unit Length for Single-core Electric Wires; Journal of Physics: Conference Series; Vol. 671 : Innovations in Non-Destructive Testing (SibTest 2015)
| Parent link: | Journal of Physics: Conference Series Vol. 671 : Innovations in Non-Destructive Testing (SibTest 2015).— 2016.— [012062, 6 p.] |
|---|---|
| Auteur principal: | |
| Collectivité auteur: | |
| Autres auteurs: | , |
| Résumé: | Title screen The paper describes technical in-process implementation of the electrical method to measure the electrical capacitance per unit length of a single core electric wire. The basic design values of the electro-capacitive measuring transducer are determined. The impact of changes in water conductivity on measurement results is analyzed. Techniques to offset from the impact of changes in water conductivity on the results of the electrical capacitance per unit length control based on indirect electrical conductivity measurement are considered. An appropriate correction of the conversion function is made. Режим доступа: по договору с организацией-держателем ресурса |
| Langue: | anglais |
| Publié: |
2016
|
| Sujets: | |
| Accès en ligne: | http://dx.doi.org/10.1088/1742-6596/671/1/012062 http://earchive.tpu.ru/handle/11683/33770 |
| Format: | Électronique Chapitre de livre |
| KOHA link: | https://koha.lib.tpu.ru/cgi-bin/koha/opac-detail.pl?biblionumber=647224 |
MARC
| LEADER | 00000nla2a2200000 4500 | ||
|---|---|---|---|
| 001 | 647224 | ||
| 005 | 20231214092232.0 | ||
| 035 | |a (RuTPU)RU\TPU\network\12362 | ||
| 035 | |a RU\TPU\network\12354 | ||
| 090 | |a 647224 | ||
| 100 | |a 20160329a2016 k y0engy50 ba | ||
| 101 | 0 | |a eng | |
| 105 | |a y z 100zy | ||
| 135 | |a drgn ---uucaa | ||
| 181 | 0 | |a i | |
| 182 | 0 | |a b | |
| 200 | 1 | |a In-process Measuring of Capacitance Per Unit Length for Single-core Electric Wires |f A. E. Goldstein (Goldshtein), G. V. Vavilova, S. V. Mazikov | |
| 203 | |a Text |c electronic | ||
| 300 | |a Title screen | ||
| 320 | |a [References: 7 tit.] | ||
| 330 | |a The paper describes technical in-process implementation of the electrical method to measure the electrical capacitance per unit length of a single core electric wire. The basic design values of the electro-capacitive measuring transducer are determined. The impact of changes in water conductivity on measurement results is analyzed. Techniques to offset from the impact of changes in water conductivity on the results of the electrical capacitance per unit length control based on indirect electrical conductivity measurement are considered. An appropriate correction of the conversion function is made. | ||
| 333 | |a Режим доступа: по договору с организацией-держателем ресурса | ||
| 461 | 0 | |0 (RuTPU)RU\TPU\network\3526 |t Journal of Physics: Conference Series | |
| 463 | 0 | |0 (RuTPU)RU\TPU\network\12214 |t Vol. 671 : Innovations in Non-Destructive Testing (SibTest 2015) |o III All-Russian Scientific and Practical Conference, 27–31 July 2015, Altai, Russia |o [proceedings] |f National Research Tomsk Polytechnic University (TPU) |v [012062, 6 p.] |d 2016 | |
| 610 | 1 | |a электронный ресурс | |
| 610 | 1 | |a труды учёных ТПУ | |
| 610 | 1 | |a электрические провода | |
| 610 | 1 | |a электрическая емкость | |
| 610 | 1 | |a измерительные преобразователи | |
| 610 | 1 | |a проводимость | |
| 610 | 1 | |a электропроводность | |
| 610 | 1 | |a электрические методы | |
| 700 | 1 | |a Goldstein (Goldshtein) |b A. E. |c Specialist in the field of non-destructive testing |c Professor of Tomsk Polytechnic University, Doctor of technical sciences |f 1954- |g Aleksandr Efremovich |3 (RuTPU)RU\TPU\pers\32322 |9 16296 | |
| 701 | 1 | |a Vavilova |b G. V. |c specialist in the field of non-destructive testing |c Head of Laboratory, Associate Professor of Tomsk Polytechnic University, Candidate of Technical Sciences |f 1981- |g Galina Vasilievna |3 (RuTPU)RU\TPU\pers\32607 |9 16520 | |
| 701 | 1 | |a Mazikov |b S. V. | |
| 712 | 0 | 2 | |a Национальный исследовательский Томский политехнический университет (ТПУ) |b Институт неразрушающего контроля (ИНК) |b Кафедра физических методов и приборов контроля качества (ФМПК) |3 (RuTPU)RU\TPU\col\18709 |
| 801 | 2 | |a RU |b 63413507 |c 20161125 |g RCR | |
| 856 | 4 | |u http://dx.doi.org/10.1088/1742-6596/671/1/012062 | |
| 856 | 4 | |u http://earchive.tpu.ru/handle/11683/33770 | |
| 942 | |c CF | ||